Welcome to CU Library Online Public Access Catalogue (OPAC)

Skills for Success (Record no. 2503)

MARC details
000 -LEADER
fixed length control field 00512nam a22001697a 4500
005 - DATE AND TIME OF LATEST TRANSACTION
control field 20250110122455.0
008 - FIXED-LENGTH DATA ELEMENTS--GENERAL INFORMATION
fixed length control field 250110b |||||||| |||| 00| 0 eng d
020 ## - INTERNATIONAL STANDARD BOOK NUMBER
International Standard Book Number 9781403911322
050 ## - LIBRARY OF CONGRESS CALL NUMBER
Classification number HF5386 COT
100 ## - MAIN ENTRY--PERSONAL NAME
Personal name Cottrell Stella
245 ## - TITLE STATEMENT
Title Skills for Success
Remainder of title The Personal Development Planning Handbook
Statement of responsibility, etc. Stella Cottrell
260 ## - PUBLICATION, DISTRIBUTION, ETC.
Place of publication, distribution, etc. New York
Name of publisher, distributor, etc. Palgrave Macmillan
Date of publication, distribution, etc. 2003
300 ## - PHYSICAL DESCRIPTION
Extent xv. 296p.
Other physical details ill. col.
Dimensions 24.5 cm x 19 cm
500 ## - GENERAL NOTE
General note Includes index
650 ## - SUBJECT ADDED ENTRY--TOPICAL TERM
Source of heading or term Development
942 ## - ADDED ENTRY ELEMENTS (KOHA)
Source of classification or shelving scheme Library of Congress Classification
Koha item type Books
Suppress in OPAC No
999 ## -
-- 2503
-- 2503
Holdings
Withdrawn status Lost status Source of classification or shelving scheme Damaged status Not for loan Collection Home library Current library Shelving location Date acquired Total checkouts Full call number Barcode Date last seen Copy number Price effective from Koha item type Public note
    Library of Congress Classification     Non-fiction Business Library (Miotso) Business Library (Miotso) General stacks 01/10/2025   HF5386 COT BSSM00000406 01/10/2025 1 01/10/2025 Books  
    Library of Congress Classification     Non-fiction Undergraduate Library (Christ Temple) Undergraduate Library (Christ Temple) General stacks 12/09/2025   HF5386 COT GSCT00001903 12/09/2025 1 12/09/2025 Books EAQ
© 2023-2024 Copyright: Central University Libraries. All Rights Reserved | Created by: Mahone Tech Office